00880nam a22003015b 4500001000900000003000900009005001700018007000900035008004100044016001000085017000900095020001500104035000600119040002500125080000600150100003300156245005100189250001200240260002500252300002000277490003900297830003900336942001200375945002800387952011000415956003800525999001500563 0414727DO-SdBNP20180220134146.0 0414727940929s1993 sp | |||| ||spa 7 2BPMAU a b  a8434838036 a  aBPMSUbspacBPMSUe  0a 1 aMendo, Miguel Ángeld1949-13aUn museo siniestro /cMiguel Ángel Mendo h  a4ª ed. aMadrid : bSM,c1995 a141 p.: c19 cm aEl barco de vapor aSerie rojav69 aEl barco de vapor pSerie rojav69 2ddccBK aInventariado, 2018 / BT 00102ddc40708CI-GaBPMETbBPMETd2016-04-12eSin sellarl0pBPMSU16040342r2016-04-12w2016-04-12yBK aVMATEO2103201604126BPMSU80069 c9701d9701